=LDR 00000nam 2200000 4500 =001 INLIS000000000058827 =005 20211012014041 =035 ##$$a 0010-1021000275 =007 ta =008 211012###########################0###### =082 ##$$a 324 =084 ##$$a 324 Lap l =245 ##$$a Laporan Pemilu Presiden dan Wakil Presiden 2009 =300 ##$$a 108 Halaman : $b ilus ; $c 21 cm =600 #4$$a Pemilihan Presiden - NTB - Laporan =710 #$$a Komisi Pemilihan Umum Nusa Tenggara Barat =264 ##$$a Mataram :$b Komisi Pemilihan Umum NTB,$c 2009 =336 ##$$a Teks$2 rdacontent =337 ##$$a Buku$2 rdamedia =338 ##$$a lain-lain$2 rdacarrier =990 ##$$a 18231823 =990 ##$$a 207/50/2021 =990 ##$$a 207/50/2021 =990 ##$$a 30973097 =990 ##$$a 207/50/2021 =990 ##$$a 207/50/2021 =990 ##$$a 24942494 =990 ##$$a 207/50/2021 =990 ##$$a 207/50/2021 =990 ##$$a 207/50/2021